000 01721cam a22001934a 4500
005 20250605164058.0
008 250528s ||||||||||||||||||||||||d
035 _a17541
020 _a201119722
040 _aGR-AtMCL
_bgre
_dGR-AtMCL
_eAACR2
245 1 _aSafeware / System Safety and Computers: A Guide to Preventing Accidents and Losses Caused by Technology
260 _bAddison-Wesley Publishing Company,
_c1995
300 _a684
520 _aThe writer in this book examines what is currently known about building safe electromechanical systems and looks at past accidents to see what practical lessons can be applied to new computer-controlled systems. Preface, The Nature of Risk, Risk in Modern Society, Computers and Risk, A Hierarchical View of Accidents, Root Causes of Accidents, Human Error and Risk, The Role of Human in Automated Systems, Introduction to System Safety, Foundations of System Safety, Fundamental of System Safety, Definitions of System Safety, Definitions and Models, Terminology, Accident and Human Error Models, Elements of a Safeware Program, Managing Safety, The System and Software Safety Process, Hazard Analysis, Hazard Analysis, Hazard Analysis Models and Techniques, Software Hazard and Requirements, Analysis, Designing for Safety, Design of the Human-Machine Interface, Verification of Safety, Epilogue: The Way Forward, Appendices, Medical Devices: The Therac-25 Story, Aerospace: Appolo 13 and the DC-10 and Challenger, The Chemical Industry: Seveso and Flixborough and Bhopal, Nuclear Power: Windscale and Three Mile Island and Chernobyl, References, Credits, Index.
700 1 _aLeveson G. Nancy
_93687
942 _cBK
999 _c2948
_d2948